000 00467nam a2200193Ia 4500
003 LK-CoDNM
005 20240913104950.0
008 010623t1920 xxu||||| |||| 00| 1 eng d
040 _aLK-CoDNM
_dLK-CoDNM
_eLK-CoDNM
041 _aeng
080 _a14
_bC24.1
100 _aPieris,P.E.
245 _aThe Kingdom of Jafanapatam 1645
260 _bCeylon Daily News
_a?
_c1920
300 _biv, 65p. : 20 cm
650 _aFishery
650 _aManar
942 _cBK
999 _c90096
_d90096